Errate das Land (Sehr Schwer) - Statistiken

Allgemein
  • Dieses Quiz wurde 227 mal gespielt
  • Das Durchschnittsergebnis liegt bei 20 aus 30
Antwortstatistiken
Bildquiz Antwort % Korrekt
Irak
94%
Barbados
84%
Papua-Neuguinea
84%
Haiti
83%
Seychellen
83%
Antigua und Barbuda
80%
Kenia
79%
St. Lucia
78%
Belize
77%
Kap Verde
77%
Komoren
76%
Benin
75%
Malawi
74%
Lesotho
73%
Osttimor
73%
Dschibuti
72%
Tansania
71%
Burundi
70%
Fidschi
70%
Mosambik
69%
samoa
69%
Zentralafrikanische Republik
67%
Kiribati
65%
Grenada
64%
Namibia
60%
Gambia
58%
Zimbabwe
13%
Estwatini
9%
St. Kitts & Nevis
9%
Solomon Insel
3%
Keine übereinstimmenden Quizze gefunden
Verteilung der Resultate
Anzahl Personen mit jedem Resultat
Perzentil nach korrekt beantworteten Fragen
Ihre Resultats-Entwicklung
Sie haben dieses Quiz noch nicht gespielt